Registro de imóveis (Registro nro. 170984)
[ vista simple ]
| 000 -LEADER | |
|---|---|
| fixed length control field | 01964nam a22002537a 4500 |
| 007 - PHYSICAL DESCRIPTION FIXED FIELD--GENERAL INFORMATION | |
| fixed length control field | cr|||| |||| |
| 008 - FIXED-LENGTH DATA ELEMENTS--GENERAL INFORMATION | |
| fixed length control field | 211220s2021 br |||||s|||| 00||0 por d |
| 020 ## - INTERNATIONAL STANDARD BOOK NUMBER | |
| International Standard Book Number | 978-65-5515-270-8 |
| 035 ## - | |
| -- | 35504 |
| 040 ## - CATALOGING SOURCE | |
| Original cataloging agency | vLex |
| 090 ## - | |
| -- | 12748 |
| -- | 12748 |
| 100 1# - MAIN ENTRY--PERSONAL NAME | |
| Personal name | Cassettari, Christiano |
| 245 10 - TITLE STATEMENT | |
| Title | Registro de imóveis |
| Medium | [Recurso electrónico] / |
| Statement of responsibility, etc | Christiano Cassettari |
| 256 ## - | |
| -- | Servicio en línea |
| 260 ## - PUBLICATION, DISTRIBUTION, ETC. (IMPRINT) | |
| Place of publication, distribution, etc | Indaiatuba: |
| Name of publisher, distributor, etc | Editora Foco, |
| Date of publication, distribution, etc | 2021 |
| 300 ## - PHYSICAL DESCRIPTION | |
| Extent | 1 recurso electrónico |
| 500 ## - GENERAL NOTE | |
| General note | Elaborada por especialistas renomados, a Coleção Cartórios examina de maneira didática e profunda o direito notarial e registral em suas espécies, que dão origem aos cartórios extrajudiciais brasileiros. A coleção contempla a teoria geral do direito notarial e registral, o registro de imóveis, o registro civil de pessoa natural e jurídica, o registro de títulos e documentos e o tabelionado de notas e de protesto. Divididos por temas, cada um dos volumes traduz, em linguagem acessível, as especialidades cartorais, permitindo ao leitor compreender o dia a dia de um tabelionato ou do registro público sob o prisma da legislação e jurisprudência. As controvérsias são discutidas de forma analítica, conduzindo o leitor em direção à possíveis soluções, sempre abalizadas pela experiência dos autores no magistério e no cotidiano do direito notarial. Ao final de cada capítulo, questões de concursos auxiliam na fixação e na assimilação do conteúdo. |
| 506 1# - RESTRICTIONS ON ACCESS NOTE | |
| Terms governing access | Disponible solo en los productos indicados |
| Authorized users | vLex Global |
| -- | vLex Global (Academic Edition, excluding Law Schools) |
| -- | vLex Global (U.S. Academic Edition, Law Schools) |
| -- | vLex Global (U.S. Academic Edition, excluding Law Schools) |
| -- | vLex Global (Academic Edition, Law Schools) |
| 650 04 - SUBJECT ADDED ENTRY--TOPICAL TERM | |
| Topical term or geographic name as entry element | Derecho Civil |
| Geographic subdivision | Brasil |
| 740 0# - | |
| -- | vLex Libros (Servicio en línea) |
| 856 40 - LOCALIZACIÓN Y ACCESO ELECTRÓNICO | |
| Identificador Uniforme del Recurso (URI/URL) | https://app.vlex.com/#/sources/35504 |
| 942 ## - | |
| -- | RAA |
| 999 ## - | |
| -- | 170984 |
| -- | 170984 |
No hay ítems disponibles.